000 00823cam a22002653a 4500
001 9374
003 PGUSA
005 20140828083211.0
008 051101s2005||||xxu|||||s|||||000 1 eng d
040 _aPGUSA
_beng
042 _adc
050 4 _aPS
100 1 _aBarr, Amelia Edith Huddleston,
_d1831-1919
245 1 2 _aA Knight of the Nets
_h[electronic resource] /
_cAmelia Edith Huddleston Barr
260 _bProject Gutenberg,
_c2005
506 _aPublic domain in the USA.
516 _aElectronic text
653 _aScotland -- Social life and customs -- 19th century -- Fiction
653 _aFishers -- Fiction
653 _aSocial classes -- Fiction
653 _aMan-woman relationships -- Fiction
830 0 _aProject Gutenberg
_v9374
856 4 0 _uhttp://www.gutenberg.org/ebooks/9374
942 _cEB
999 _c238630
_d238630